00429nam a22001577a 450000500170000000800410001704100080005808200110006610000300007724500720010726000090017930000170018865000150020565000240022070000270024420220627081216.0210303b xxu||||| |||| 00| 0 spa d aspa aTU 132 aCalderón Fonseca, Angie aInforme de práctica supervisada realizada en Life Culture Travel  c2018 a37 páginas aCOSTA RICA aLIFE CULTURE TRAVEL aAGENCIA TOUR OPERADORA